1999 Yıllık ekonomik rapor (Record no. 9241)

MARC details
000 -BAŞLIK
Sabit Uzunlukta Kontrol Alanı 00700na a2200217 4500
001 - KONTROL NUMARASI
Denetim Alanı 20967
003 - KONTROL NUMARASI IDENTIFIER
Denetim Alanı MIRAKIL
005 - SON İŞLEM TARİHİ VE ZAMANI
Denetim Alanı 20181213155240.0
008 - SABİT-BOY VERİ ELEMANLARI - GENEL BİLGİLER
Sabit Uzunlukta Kontrol Alanı 170130b tu 000 0
035 ## - SİSTEM KONTROL NUMARASI
Sistem Kontrol Numarası 20967
040 ## - KATALOGLAMA KAYNAK
Orijinal Kataloglama Ajansı Milas
Kataloglama Dili tur
Metne Dönüştürmek Ajansı TR-AnCHP
041 ## - DİL KODU
Metin / Ses Parça Veya Ayrı Başlığın Dil Kodu tur
082 ## - DEWEY ONLU SINIFLANDIRMA NUMARASI
Sınıflandırma Numarası 330.9561
Ürün Numarası B55 1999
090 ## - SINIFLAMA NUMARASI
Sınıflama Numarası 330.9561 B55 1999
245 ## - BAŞLIK TABLOSU
Başlık 1999 Yıllık ekonomik rapor
Sorumluluk Tablosu, Vb T.C. Maliye Bakanlığı
260 ## - YAYIN, DAĞITIM, VB
Yayın, Dağıtım, Vb Yeri Ankara
Yayıncı, Dağıtıcı, Vs Adı Maliye Bakanlığı
Yayın, Dağıtım, Vb Tarihi 1999
Üretici Firma Başbakanlık basımevi
300 ## - FİZİKSEL TANIM
Kapsam 267 s.
Diğer Fiziksel Ayrıntıları tbl. ; grf.
Boyutlar 29 sm.
500 ## - GENEL NOT
Genel Not 2000 yılı bütçe kanunu tasarısı ile birlikte Türkiye Büyük Millet Meclisine sunulmuştur.
650 ## - KONU KATMA GİRİŞ - TOPİKAL DÖNEM
Topikal Süreli Veya Coğrafi Ad Giriş Elemanı Türkiye
Genel Alt Bölümü Ekonomik durum
Kronolojik Alt Bölümü 1999
942 ## - EKLENDİ GİRİŞ ELEMANLARI (KOHA)
Sınıflandırma Veya Raf Düzeni Kaynak Dewey Decimal Classification
Koha Öğesi Türü Books
999 ## - SİSTEM KONTROL NUMARALARI (KOHA)
Koha Biblionumber 9241
Koha Biblioitemnumber 9241
Holdings
Kalıcı Konum Mevcut Konum Edinme Tarihi Edinim Kaynak Toplam Check-Out'Lar Tam Çağrı Numarası Barkod Tarih Son Görülme İtibaren Geçerli Fiyatlar Koha Öğesi Türü
CHP Kütüphanesi CHP Kütüphanesi 01/30/2017 Bağış   330.9561 B55 1999 012145 01/30/2017 01/30/2017 Books